LEADER 01829nam 22005414a 450 001 9910456567803321 005 20200520144314.0 010 $a0-8018-9598-7 010 $a0-8018-8678-3 035 $a(CKB)2520000000007568 035 $a(EBL)3318472 035 $a(SSID)ssj0000331478 035 $a(PQKBManifestationID)11237473 035 $a(PQKBTitleCode)TC0000331478 035 $a(PQKBWorkID)10325062 035 $a(PQKB)11401278 035 $a(MiAaPQ)EBC3318472 035 $a(Au-PeEL)EBL3318472 035 $a(CaPaEBR)ebr10363213 035 $a(OCoLC)923194552 035 $a(EXLCZ)992520000000007568 100 $a20070103d2007 uy 0 101 0 $aeng 135 $aur|n|---||||| 181 $ctxt 182 $cc 183 $acr 200 10$aLast call$b[electronic resource] $ealcoholism and recovery /$fJack H. Hedblom ; foreword by Paul R. McHugh 210 $aBaltimore $cJohns Hopkins University Press$dc2007 215 $a1 online resource (224 p.) 300 $aDescription based upon print version of record. 311 $a0-8018-8677-5 320 $aIncludes bibliographical references (p. 201-202) and index. 327 $aAlcoholics Anonymous -- A matter of definition -- Alcohol and the alcoholic -- Getting sober -- Mending : the steps in getting well -- The components of sobriety -- The alcoholic and the family -- The road to a life well lived : the promises. 606 $aAlcoholism 606 $aAlcoholism$xTreatment 608 $aElectronic books. 615 0$aAlcoholism. 615 0$aAlcoholism$xTreatment. 676 $a616.86/1 700 $aHedblom$b Jack H.$f1938-$0954450 801 0$bMiAaPQ 801 1$bMiAaPQ 801 2$bMiAaPQ 906 $aBOOK 912 $a9910456567803321 996 $aLast call$92158730 997 $aUNINA LEADER 02511oas 22008653 450 001 9910156049903321 005 20251106213014.0 035 $a(DE-599)ZDB2900970-4 035 $a(OCoLC)562118007 035 $a(CONSER) 2017201910 035 $a(CKB)3710000000978777 035 $a(EXLCZ)993710000000978777 100 $a20100318b19481959 uy a 101 0 $aeng 135 $aurbn||||||abp 135 $aurbn||||||ada 181 $ctxt$2rdacontent 182 $cc$2rdamedia 183 $acr$2rdacarrier 200 10$aNewsletter /$fAssociation of American Library Schools 210 1$a[Chicago] :$cThe Association of American Library Schools,$d[1948-1959] 215 $a1 online resource 311 08$a2472-8624 517 1 $aAssociation of American Library Schools newsletter 517 1 $aAALS newsletter 606 $aLibrary schools$vPeriodicals 606 $aLibrary schools$zUnited States$vPeriodicals 606 $aLibrary education$vPeriodicals 606 $aLibrary education$zUnited States$vPeriodicals 606 $aE?coles de bibliothe?conomie et des sciences de l'information$vPe?riodiques 606 $aE?coles de bibliothe?conomie et des sciences de l'information$zE?tats-Unis$vPe?riodiques 606 $aLibrary education$2fast$3(OCoLC)fst00997713 606 $aLibrary schools$2fast$3(OCoLC)fst00997907 607 $aUnited States$2fast 608 $aPeriodicals.$2fast 615 0$aLibrary schools 615 0$aLibrary schools 615 0$aLibrary education 615 0$aLibrary education 615 6$aE?coles de bibliothe?conomie et des sciences de l'information 615 6$aE?coles de bibliothe?conomie et des sciences de l'information 615 7$aLibrary education. 615 7$aLibrary schools. 676 $a020 676 $a020.7 712 02$aAssociation of American Library Schools, 801 0$bOCLCE 801 1$bOCLCE 801 2$bOCLCQ 801 2$bOCLCO 801 2$bOCLCF 801 2$bOCLCO 801 2$bOCLCQ 801 2$bDLC 801 2$bTXA 801 2$bJSTOR 801 2$bUAB 801 2$bVT2 801 2$bCOO 801 2$bTOH 801 2$bUX1 801 2$bAUD 801 2$bDLC 801 2$bMOU 801 2$bOCLCQ 801 2$bAU@ 801 2$bOCL 801 2$bBWN 801 2$bOCLCQ 801 2$bOCLCL 801 2$bOCLCQ 906 $aJOURNAL 912 $a9910156049903321 996 $aNewsletter$9976803 997 $aUNINA